<?xml version="1.0" encoding="UTF-8"?>
<marc:record xmlns:marc="http://www.loc.gov/MARC21/slim">
   <marc:leader>00000nam a2200000 a 4500</marc:leader>
   <marc:datafield ind1="1" ind2=" " tag="100">
      <marc:subfield code="a">Braunburg, Rudolf</marc:subfield>
      <marc:subfield code="4">aut</marc:subfield>
      <marc:subfield code="e">Verfasser/-in</marc:subfield>
   </marc:datafield>
   <marc:datafield ind1="1" ind2=" " tag="100">
      <marc:subfield code="a">Figgen, Achim</marc:subfield>
      <marc:subfield code="4">aut</marc:subfield>
      <marc:subfield code="e">Verfasser/-in</marc:subfield>
   </marc:datafield>
   <marc:datafield ind1="1" ind2=" " tag="100">
      <marc:subfield code="a">Güther, Manfred</marc:subfield>
      <marc:subfield code="4">aut</marc:subfield>
      <marc:subfield code="e">Verfasser/-in</marc:subfield>
   </marc:datafield>
   <marc:datafield ind1="0" ind2="0" tag="245">
      <marc:subfield code="a">Fliegerei und Luftfahrt</marc:subfield>
   </marc:datafield>
   <marc:datafield ind1="0" ind2="0" tag="245">
      <marc:subfield code="c">Braunburg, Rudolf</marc:subfield>
   </marc:datafield>
   <marc:datafield ind1="1" ind2=" " tag="490">
      <marc:subfield code="a">Was ist was</marc:subfield>
      <marc:subfield code="v">10</marc:subfield>
   </marc:datafield>
   <marc:datafield ind1="1" ind2=" " tag="520">
      <marc:subfield code="a">Wer baut das größte Flugzeug der Welt? Wie entsteht ein Flugzeug? Wird das Fliegen gefährlicher? Wie fliegt ein Hubschrauber? Und was muss ein Pilot alles können? &#xD;
Von den ersten abenteuerlichen Flugapparaten über die spektakulären Pionierflüge zu Beginn des 20. Jahrhunderts bis hin zu modernsten Überschallmaschinen - Achim Figgen, Luftfahrtingenieur und Fachjournalist, erzählt in der Neubearbeitung des beliebten WAS IST WAS-Bandes die spannende Geschichte der Luftfahrt. Er berichtet von den allerersten Ballonstarts, gigantischen Luftschiffen und erklärt, weshalb ein Jumbo mit über 300 Tonnen Startgewicht vom Boden abheben kann. &#xD;
Junge Leser erfahren nicht nur viel Wissenswertes aus der Flugpraxis, sondern erhalten einen aufregenden Blick ins Cockpit eines Jumbojets und begleiten unseren Autor hinter die Kulissen des Flughafens.</marc:subfield>
   </marc:datafield>
   <marc:datafield ind1=" " ind2=" " tag="020">
      <marc:subfield code="a">9783788602505</marc:subfield>
      <marc:subfield code="9">9783788602505</marc:subfield>
   </marc:datafield>
   <marc:datafield ind1=" " ind2=" " tag="041">
      <marc:subfield code="a">ger</marc:subfield>
   </marc:datafield>
   <marc:datafield ind1="0" ind2=" " tag="490">
      <marc:subfield code="v">10</marc:subfield>
   </marc:datafield>
   <marc:datafield ind1=" " ind2=" " tag="300">
      <marc:subfield code="a">48 Seiten</marc:subfield>
   </marc:datafield>
</marc:record>
